Mischievous Hanuman (Record no. 170689)
[ view plain ]
| 000 -LEADER | |
|---|---|
| fixed length control field | 00477nam a2200205Ia 4500 |
| 008 - FIXED-LENGTH DATA ELEMENTS--GENERAL INFORMATION | |
| fixed length control field | 240823s9999||||xx |||||||||||||| ||und|| |
| 020 ## - INTERNATIONAL STANDARD BOOK NUMBER | |
| International Standard Book Number | 81-87834-06-4 |
| 082 ## - DEWEY DECIMAL CLASSIFICATION NUMBER | |
| -- | 297.544 |
| 100 ## - MAIN ENTRY--PERSONAL NAME | |
| Personal name | Abrar Nari |
| 245 #0 - TITLE STATEMENT | |
| Title | Mischievous Hanuman |
| 250 ## - EDITION STATEMENT | |
| Edition statement | 1st |
| 260 ## - PUBLICATION, DISTRIBUTION, ETC. (IMPRINT) | |
| Name of publisher, distributor, etc | "Seasons Pub,Ch" |
| Place of publication, distribution, etc | Chennai |
| 500 ## - GENERAL NOTE | |
| General note | Transfered |
| 650 ## - SUBJECT ADDED ENTRY--TOPICAL TERM | |
| Topical term or geographic name as entry element | Story |
| 700 ## - ADDED ENTRY--PERSONAL NAME | |
| Personal name | Rudra Prasad Warrier |
| 942 ## - ADDED ENTRY ELEMENTS (KOHA) | |
| Item type | Books |
| Withdrawn status | Lost status | Damaged status | Permanent location | Current location | Shelving location | Date acquired | Source of acquisition | Cost, normal purchase price | Full call number | Barcode | Date last seen | Koha item type |
|---|---|---|---|---|---|---|---|---|---|---|---|---|
| CENTRAL LIBRARY, NOORUL ISLAM CENTRE FOR HIGHER EDUCATION | CENTRAL LIBRARY, NOORUL ISLAM CENTRE FOR HIGHER EDUCATION | 03/09/2005 | Higginbothams Private Ltd | 45.00 | 297.544 | 24887 | 08/23/2024 | Books |
